000 00759nam a22002177a 4500
005 20250908144854.0
010 _aB-777384-399 ENG-146781 BACEN25
020 _a9789360454814
_c499.00
035 _aB-777384-399
035 _aEN-130313
037 _bAKPD
037 _bDBAD
_aDPL
082 _aN
100 _aGufran,Alina
_984921
245 _aNo Place to Call My Own /
_cby Alina Gufran
260 _aDelhi
_bWestland books
_c2025
270 _amaduravoyal,
_bchennai
_e600095
300 _a251p.
_c22cm(pbk)
942 _2ddc
_cEN
_hN
_mGUF
999 _c209535
_d209535